Excavations in the Tyropoeon Valley, Jerusalem, 1927 /

Saved in:

Main Author: Crowfoot, John Winter, 1873-1959 (Author)

Other Authors: FitzGerlad, Gerald Milnes, 1883-

Format: Book

Language: English

Published: [London] : Published by order of the Committee and sold at the office of the Fund, 1929.

Series: Palestine Exploration Fund annual ; 5.
PEFA ; 5.

Subjects:

Tags: Add Tag

No Tags, Be the first to tag this record!

Call Number: DS111 .A1 P28 v.5

LEADER 01208namaa2200301 4500
003 OSt
005 20260505082510.0
008 130303s1929 enkaf 000 0 eng d
010 |a 34000591 
040 |c ARCE Library 
050 4 |a DS111 .A1 P28 v.5 
100 1 |a Crowfoot, John Winter,  |d 1873-1959,   |e author 
245 1 0 |a Excavations in the Tyropoeon Valley, Jerusalem, 1927 /   |c by J. W. Crowfoot and G. M. Fitzgerald.  |h   
264 1 |a [London] :   |b Published by order of the Committee and sold at the office of the Fund,   |c 1929. 
300 |a x pages, 1, 135 pages front :  |b illustrations, xxii pl (1 fold. color) on 16 ;   |c 28 cm. 
490 1 |a Palestine Exploration Fund annual ;   |v 5. 
490 1 |a PEFA ;   |v 5. 
500 |a On cover : Palestine Exploration Fund. Annual,1927. 
500 |a Descriptive letterpress opposite plates XI-XXI. 
650 0 |a Excavations (Archaeology)  |z Tyropoeon Valley   |z Jerusalem.  |v   
651 0 |a Tyropoeon Valley (Jerusalem)   |x Antiquities. 
651 0 |a Jerusalem   |x Antiquities. 
700 1 |a FitzGerlad, Gerald Milnes,  |d 1883- 
830 0 |a Palestine Exploration Fund annual ;   |v 5. 
830 0 |a PEFA ;   |v 5. 
901 |a reviewed 
942 |c BK  |2 lcc 
999 |c 5958  |d 5958